Ethics, integrity and aptitude : foundational values for civil service in India (Record no. 443659)

000 -LEADER
fixed length control field 00476cam a22001457a 4500
008 - FIXED-LENGTH DATA ELEMENTS--GENERAL INFORMATION
fixed length control field 180718b2013 xxu||||| |||| 00| 0 eng d
020 ## - INTERNATIONAL STANDARD BOOK NUMBER
International Standard Book Number 9788131606193
082 ## - DEWEY DECIMAL CLASSIFICATION NUMBER
Classification number K12x54 Sh23
100 ## - MAIN ENTRY--PERSONAL NAME
Personal name Sharma, P.D.
245 ## - TITLE STATEMENT
Title Ethics, integrity and aptitude : foundational values for civil service in India
Statement of responsibility, etc. by P.D. Sharma
260 ## - PUBLICATION, DISTRIBUTION, ETC.
Place of publication, distribution, etc. Jaipur
Name of publisher, distributor, etc. Rawat
Date of publication, distribution, etc. 2013
300 ## - PHYSICAL DESCRIPTION
Extent 276p.
650 ## - SUBJECT ADDED ENTRY--TOPICAL TERM
Topical term or geographic name entry element India -- Officials and employees -- History
650 ## - SUBJECT ADDED ENTRY--TOPICAL TERM
Topical term or geographic name entry element Civil service -- India -- History
Holdings
Withdrawn status Lost status Damaged status Not for loan Permanent Location Current Location Date acquired Full call number Barcode Date last seen Price effective from Koha item type
        Indian Institute of Public Administration Indian Institute of Public Administration 2014-02-27 K12x54 Sh23 85525 2018-07-21 2018-07-21 Book

Powered by Koha